| 000 | 00344nam a2200145Ia 4500 | ||
|---|---|---|---|
| 008 | 150201s2006 xx 000 0 und d | ||
| 082 |
_a618.92 _bP06S |
||
| 100 | _aSINGH, MEHARBAN | ||
| 245 | _aPEDIATRICS CLINICS METHODS | ||
| 250 | _a3RD | ||
| 260 |
_bSAGAR PUB. _aDELHI _c2006 |
||
| 300 | _a324 | ||
| 650 | _aPEDIATRICS | ||
| 942 |
_2ddc _cBK _02 |
||
| 999 |
_c1863 _d1863 |
||